Tìm hiểu tình hình trồng, khai thác và bảo vệ rừng ở huyện Tân Kỳ - Tỉnh Nghệ An và một số đề xuất.
Cơ sở lí luận và thực tiễn của đề tài. Tình hình trồng, khai thác và bảo vệ rừng ở huyện Tân Kỳ - Tỉnh Nghệ An. Một số đề xuất trong việc trồng, khai thác và bảo vệ rừng ở huyện Tân Kỳ.
Đã lưu trong:
| Hovedforfatter: | |
|---|---|
| Andre forfattere: | |
| Format: | Bog |
| Sprog: | Vietnamese |
| Udgivet: |
Đại học Đà Nẵng
Trường đại học Sư Phạm
2009
|
| Serier: | Khóa luận tốt nghiệp Đại học. Chuyên ngành: Sư phạm Địa lí
|
| Fag: | |
| Tags: |
Tilføj Tag
Ingen Tags, Vær først til at tagge denne postø!
|
| Thư viện lưu trữ: | Mạng thư viện Đại học Đà Nẵng |
|---|
| LEADER | 01656nam a2200349 4500 | ||
|---|---|---|---|
| 001 | 000011231 | ||
| 003 | 7465 | ||
| 005 | 20120223100244.0 | ||
| 008 | 120202s2009 viesd | ||
| 041 | |a vie | ||
| 072 | |a Khóa luận tốt nghiệp | ||
| 082 | |a 333.75 |b HO-T | ||
| 100 | |a Hoàng, Thị Thảo | ||
| 245 | |a Tìm hiểu tình hình trồng, khai thác và bảo vệ rừng ở huyện Tân Kỳ - Tỉnh Nghệ An và một số đề xuất. |c Hoàng, Thị Thảo | ||
| 260 | |a Đại học Đà Nẵng |b Trường đại học Sư Phạm |c 2009 | ||
| 300 | |a 73 tr. |b Bản đồ + ảnh mhọa |c 29 cm | ||
| 490 | |a Khóa luận tốt nghiệp Đại học. Chuyên ngành: Sư phạm Địa lí | ||
| 500 | |a Tham khảo + phụ lục bảng [5tr.] | ||
| 520 | |a Cơ sở lí luận và thực tiễn của đề tài. Tình hình trồng, khai thác và bảo vệ rừng ở huyện Tân Kỳ - Tỉnh Nghệ An. Một số đề xuất trong việc trồng, khai thác và bảo vệ rừng ở huyện Tân Kỳ. | ||
| 653 | |a Khóa luận tốt nghiệp đại học | ||
| 653 | |a Khoa Địa lí | ||
| 700 | |a Đậu, Thị Hòa |c T.S |e Hướng dẫn | ||
| OWN | |a LSP | ||
| AVA | |a UDN50 |b LSP |d 333.75 HO-T |e available |t Error 5001 Not defined in file expand_doc_bib_avail. |f 1 |g 0 |h N |i 0 |k 1 | ||
| 999 | |a From the UDN01 | ||
| AVA | |a UDN50 |b LSP |d 333.75 HO-T |e available |t Error 5001 Not defined in file expand_doc_bib_avail. |f 1 |g 0 |h N |i 0 |k 1 | ||
| TYP | |a Monograph | ||
| TYP | |a Printed language | ||
| 980 | |a Mạng thư viện Đại học Đà Nẵng | ||